| 000 | 00000nam##2200000za#4500 |
| 001 | 9.571503 |
| 003 | CaOODSP |
| 005 | 20241203113634 |
| 007 | cr ||||||||||| |
| 008 | 150406|2000||||xxc|||||o f|0| 0 eng|d |
| 040 | |aCaOODSP|beng |
| 043 | |an-cn--- |
| 086 | 1 |aEn1-35/1-2001E-PDF |
| 110 | 1 |aCanada. |bEnvironment Canada. |
| 245 | 10|aLinks between human health and the environment / |h[electronic resource]|cproduced by the Community Animation Program (CAP), a joint initiative of Health Canada and Environment Canada. |
| 260 | |aDartmouth - Nova Scotia : |bEnvironment Canada |c2000. |
| 300 | |a22p. |
| 490 | 1 |aReferences for research |
| 590 | |a11-17-Supp|b2011-09-12 |
| 690 | 07|aEnvironment|2gcpds |
| 690 | 07|aHealth|2gcpds |
| 775 | 08|tLa santé et à l'environnement / |w(CaOODSP)9.602094 |
| 776 | 0#|tLinks between human health and the environment |w(CaOODSP)9.615560 |
| 830 | #0|aReferences for research.|w(CaOODSP)9.506477 |
| 856 | 40|ahttp://publications.gc.ca|qPDF|s157 KB|uhttps://publications.gc.ca/collections/Collection/EN1-35-1-2001E.pdf |